| 000 | 00478nam a2200157 4500 | ||
|---|---|---|---|
| 001 | 138187 | ||
| 003 | ES-MaACL | ||
| 005 | 20230906195523.0 | ||
| 007 | t| | ||
| 008 | 070214s1926 sp r ||||1| spa d | ||
| 100 | 1 |
_aSánchez y Sánchez, Mariano. _9102997 |
|
| 245 | 1 | 0 |
_aCurso práctico de Biología / _cpor el Dr. M. Sánchez y Sánchez. |
| 260 |
_aMadrid : _b[s. n.], _c1926 ( _fImp. Ernesto Giménez) |
||
| 300 |
_a132 p. : _bil. ; _c17 cm. |
||
| 852 |
_aES-MaACL _j1697-F-6 |
||
| 999 |
_c138187 _d138187 |
||